ბათუმის შოთა რუსთაველის სახელმწიფო უნივერსიტეტის ბიბლიოთეკა

Alter Ego +. Cahier d'activites. (ბიბ.ჩანაწერი № 45722)

000 -LEADER
fixed length control field 00808nam a2200265Ia 4500
001 - CONTROL NUMBER
control field 12549
003 - CONTROL NUMBER IDENTIFIER
control field GE_BSU
005 - DATE AND TIME OF LATEST TRANSACTION
control field 20230928171925.0
008 - FIXED-LENGTH DATA ELEMENTS--GENERAL INFORMATION
fixed length control field 181216s2006fe xx |||||||||||||| ||fre||
020 ## - INTERNATIONAL STANDARD BOOK NUMBER
International Standard Book Number 9782011558114
041 ## - LANGUAGE CODE
Language code of text/sound track or separate title fre
080 ## - UNIVERSAL DECIMAL CLASSIFICATION NUMBER
Universal Decimal Classification number 811.133.1 A-44
245 ## - TITLE STATEMENT
Title Alter Ego +: Cahier d'activites.
Remainder of title A1 : /
Statement of responsibility, etc. Annie Berthet, Emmanuelle Daill, Catherine hugot, Monique Waendendries
264 ## - PRODUCTION, PUBLICATION, DISTRIBUTION, MANUFACTURE, AND COPYRIGHT NOTICE
Place of production, publication, distribution, manufacture Paris :
Name of producer, publisher, distributor, manufacturer Hachette,
Date of production, publication, distribution, manufacture, or copyright notice 2006.
300 ## - PHYSICAL DESCRIPTION
Extent 127 p.:
Other physical details ill ; 29cm .
Dimensions CD
653 ## - INDEX TERM--UNCONTROLLED
keyword Alter Ego.
653 ## - INDEX TERM--UNCONTROLLED
keyword Cahier d'activites.
653 ## - INDEX TERM--UNCONTROLLED
keyword გრამატიკა
653 ## - INDEX TERM--UNCONTROLLED
keyword ფრანგული
700 ## - ADDED ENTRY--PERSONAL NAME
Personal name Berthet, Annie
9 (RLIN) 19961
700 ## - ADDED ENTRY--PERSONAL NAME
Personal name Daill, Emmanuelle
9 (RLIN) 6550
700 ## - ADDED ENTRY--PERSONAL NAME
Personal name hugot, Catherine
9 (RLIN) 17183
700 ## - ADDED ENTRY--PERSONAL NAME
Personal name Waendendries, Monique
9 (RLIN) 17183
942 ## - ADDED ENTRY ELEMENTS (KOHA)
Koha item type წიგნი
Source of classification or shelving scheme
ეგზემპლარები
Withdrawn status Lost status Source of classification or shelving scheme Damaged status Not for loan Permanent Location Current Location Shelving location Date acquired Cost, normal purchase price Full call number Barcode Date last seen Copy number Price effective from Koha item type Public note
          ბათუმის შოთა რუსთაველის სახელმწიფო უნივერსიტეტის მთავარი ბიბლიოთეკა ბათუმის შოთა რუსთაველის სახელმწიფო უნივერსიტეტის მთავარი ბიბლიოთეკა წიგნსაცავი 2018-12-17 50.00 811.133.1 A-44 36256 2018-12-17 36256 2018-12-17 წიგნი 50.00
          ბათუმის შოთა რუსთაველის სახელმწიფო უნივერსიტეტის მთავარი ბიბლიოთეკა ბათუმის შოთა რუსთაველის სახელმწიფო უნივერსიტეტის მთავარი ბიბლიოთეკა წიგნსაცავი 2018-12-17 50.00 811.133.1 A-44 36257 2018-12-17 36257 2018-12-17 წიგნი 50.00
          ბათუმის შოთა რუსთაველის სახელმწიფო უნივერსიტეტის მთავარი ბიბლიოთეკა ბათუმის შოთა რუსთაველის სახელმწიფო უნივერსიტეტის მთავარი ბიბლიოთეკა წიგნსაცავი 2018-12-17 50.00 811.133.1 A-44 36258 2018-12-17 36258 2018-12-17 წიგნი 50.00
          ბათუმის შოთა რუსთაველის სახელმწიფო უნივერსიტეტის მთავარი ბიბლიოთეკა ბათუმის შოთა რუსთაველის სახელმწიფო უნივერსიტეტის მთავარი ბიბლიოთეკა წიგნსაცავი 2018-12-17 50.00 811.133.1 A-44 36259 2018-12-17 36259 2018-12-17 წიგნი 50.00
          ბათუმის შოთა რუსთაველის სახელმწიფო უნივერსიტეტის მთავარი ბიბლიოთეკა ბათუმის შოთა რუსთაველის სახელმწიფო უნივერსიტეტის მთავარი ბიბლიოთეკა წიგნსაცავი 2018-12-17 50.00 811.133.1 A-44 36260 2018-12-17 36260 2018-12-17 წიგნი 50.00